<?xml version="1.0" encoding="UTF-8"?>
<collection xmlns="http://www.loc.gov/MARC21/slim">
 <record>
  <leader>05597nam a2200385 a 4500</leader>
  <controlfield tag="001">kal325</controlfield>
  <controlfield tag="003">Gr-AtHEAL</controlfield>
  <controlfield tag="005">20160505103523.0</controlfield>
  <controlfield tag="006">m        d        </controlfield>
  <controlfield tag="008">160413s2015    gr      s           gre|c</controlfield>
  <datafield tag="020" ind1=" " ind2=" ">
   <subfield code="a">9789606030369</subfield>
  </datafield>
  <datafield tag="040" ind1=" " ind2=" ">
   <subfield code="a">GR-AtHEAL</subfield>
   <subfield code="b">gre</subfield>
   <subfield code="c">GR-AtHEAL</subfield>
  </datafield>
  <datafield tag="082" ind1="0" ind2="4">
   <subfield code="a">550</subfield>
   <subfield code="2">23</subfield>
  </datafield>
  <datafield tag="100" ind1="1" ind2=" ">
   <subfield code="a">Κόκκινου, Ελένη.</subfield>
   <subfield code="8">793</subfield>
  </datafield>
  <datafield tag="245" ind1="1" ind2="0">
   <subfield code="a">Περιβαλλοντική γεωλογία και γεωτεχνολογία</subfield>
   <subfield code="h">[Ηλεκτρονικός πόρος] </subfield>
   <subfield code="b">Χερσαίο και θαλάσσιο περιβάλλον</subfield>
   <subfield code="c">Κόκκινου, Ελένη ; Κριτικός αναγνώστης,Φασουλάς, Χαράλαμπος ; Γλωσσική επιμέλεια,Κιοσέογλου, Νερίνα ; Γραφιστική επιμέλεια,Πετράκης Γεώργιος ; Τεχνική επιμέλεια,Πετράκης, Γεώργιος ; .</subfield>
  </datafield>
  <datafield tag="260" ind1=" " ind2=" ">
   <subfield code="a">Αθήνα :</subfield>
   <subfield code="b">Σύνδεσμος Ελληνικών Ακαδημαϊκών Βιβλιοθηκών,</subfield>
   <subfield code="c">c2015.</subfield>
  </datafield>
  <datafield tag="490" ind1=" " ind2=" ">
   <subfield code="a">Ακαδημαϊκά Ηλεκτρονικά Συγγράμματα και Βοηθήματα Κάλλιπος</subfield>
   <subfield code="8">40</subfield>
  </datafield>
  <datafield tag="520" ind1=" " ind2=" ">
   <subfield code="a">Κύριος στόχος του προτεινόμενου συγγράμματος με τίτλο &quot;Περιβαλλοντική Γεωλογία και Γεωτεχνολογία&quot; είναι η μελέτη των ιδιοτήτων του ανώτερου τμήματος του φλοιού της γης, η τεχνική συμπεριφορά τους, η διάβρωση και τα πιθανά προβλήματα που προκύπτουν από ρυπαντικούς παράγοντες συγκεκριμένων κατηγοριών. Η μελέτη και η ανάλυση των γεωλογικών διαδικασιών που συντελούν στην διαμόρφωση του αναγλύφου της επιφάνειας της γης αλλά και της υπεδάφιας δομής συμβάλει στην ορθολογική διαχείριση των φυσικών πόρων και του περιβάλλοντος. Το προτεινόμενο σύγγραμα στοχεύει στην εισαγωγή του αναγνώστη-εκπαιδευόμενου στις βασικές έννοιες της γεωλογίας του περιβάλλοντος και στην εκμάθηση των βασικών εργαλείων για την υλοποίηση έργων/μελετών που σχετίζονται με το συγκεκριμένο αντικείμενο.Επιπρόσθετα αναλύονται μέθοδοι προσομοίωσης της διασποράς ρύπων σε χερσαίο και θαλάσσιο χώρο καθώς και μέθοδοι εντοπισμού και παρακολούθησης της. Τέλος προσεγγίζονται θέματα αποκατάστασης ρυπασμένων εδαφών και θαλάσσιων χώρων.Ο αναγνώστης-εκπαιδευόμενος με το πέρας της μελέτης θα είναι σε θέση να:• Έχει κατανοήσει τις βασικές αρχές της Περιβαλλοντική Γεωλογίας και Γεωτεχνολογίας• Μπορεί να ανταποκριθεί στις βασικές απαιτήσεις για την εργασία στην ύπαιθρο• Έχει αναπτύξει την ικανότητα του προσανατολισμού• Κατανοεί τοπογραφικούς και γεωλογικούς χάρτες• Αναγνωρίζει γεωλογικούς σχηματισμούς• Κατανοεί, περιγράφει και κατηγοριοποιεί το ανάγλυφο περιοχών και να εκτιμά τους πιθανούς κινδύνους• Εντοπίζει τεχνικά προβλήματα σε εδάφη και να προτείνει λύσεις• Προσομοιώνει την διάδοση της ρύπανσης σε χερσαίο και θαλάσσιο χώρο• Αξιολογεί και προτείνει μεθοδολογίες εντοπισμού και παρακολούθησης ρύπανσης σε χερσαίο και θαλάσσιο χώρο• Ανταποκριθεί σε διαχείριση κρίσεων</subfield>
  </datafield>
  <datafield tag="650" ind1=" " ind2="0">
   <subfield code="a">Geology</subfield>
   <subfield code="8">2764</subfield>
  </datafield>
  <datafield tag="650" ind1=" " ind2="0">
   <subfield code="a">Environmental geology</subfield>
   <subfield code="8">2765</subfield>
  </datafield>
  <datafield tag="653" ind1=" " ind2=" ">
   <subfield code="a">Ρύπανση</subfield>
  </datafield>
  <datafield tag="653" ind1=" " ind2=" ">
   <subfield code="a">Διάβρωση</subfield>
  </datafield>
  <datafield tag="653" ind1=" " ind2=" ">
   <subfield code="a">Γεωλογικός σχηματισμός</subfield>
  </datafield>
  <datafield tag="653" ind1=" " ind2=" ">
   <subfield code="a">Επιστήμες της γης</subfield>
   <subfield code="a">Ωκεανογραφία</subfield>
  </datafield>
  <datafield tag="653" ind1=" " ind2=" ">
   <subfield code="a">Επιστήμες της γης</subfield>
   <subfield code="a">Τεχνική γεωλογία</subfield>
  </datafield>
  <datafield tag="653" ind1=" " ind2=" ">
   <subfield code="a">Επιστήμες της γης</subfield>
   <subfield code="a">Γεωφυσική</subfield>
  </datafield>
  <datafield tag="653" ind1=" " ind2=" ">
   <subfield code="a">Επιστήμες της γης</subfield>
   <subfield code="a">Τεκτονική γεωλογία</subfield>
  </datafield>
  <datafield tag="653" ind1=" " ind2=" ">
   <subfield code="a">Επιστήμες της γης</subfield>
   <subfield code="a">Υλικά της γής</subfield>
  </datafield>
  <datafield tag="653" ind1=" " ind2=" ">
   <subfield code="a">Επιστήμες της γης</subfield>
   <subfield code="a">Γενική γεωλογία</subfield>
  </datafield>
  <datafield tag="700" ind1="1" ind2=" ">
   <subfield code="a">Φασουλάς, Χαράλαμπος</subfield>
   <subfield code="e">Κριτικός αναγνώστης</subfield>
   <subfield code="8">794</subfield>
  </datafield>
  <datafield tag="856" ind1="4" ind2="0">
   <subfield code="u">http://hdl.handle.net/11419/325</subfield>
   <subfield code="z">Πλήρες Κείμενο - Full text</subfield>
  </datafield>
  <datafield tag="907" ind1=" " ind2=" ">
   <subfield code="a">.b2567917x</subfield>
   <subfield code="b">12-06-18</subfield>
   <subfield code="c">29-07-16</subfield>
  </datafield>
  <datafield tag="949" ind1=" " ind2=" ">
   <subfield code="0">0</subfield>
   <subfield code="1">0</subfield>
   <subfield code="2">ddc</subfield>
   <subfield code="4">0</subfield>
   <subfield code="6">550_000000000000000_ΚΟΚ</subfield>
   <subfield code="7">0</subfield>
   <subfield code="8">KALL</subfield>
   <subfield code="8">676</subfield>
   <subfield code="d">2016-04-13</subfield>
   <subfield code="r">2016-04-13</subfield>
   <subfield code="w">2016-04-13</subfield>
   <subfield code="z">550 ΚΟΚ</subfield>
   <subfield code="o">SEAB KALLIPOS</subfield>
  </datafield>
  <datafield tag="998" ind1=" " ind2=" ">
   <subfield code="a">80</subfield>
   <subfield code="a">01</subfield>
   <subfield code="a">02</subfield>
   <subfield code="a">03</subfield>
   <subfield code="a">04</subfield>
   <subfield code="a">05</subfield>
   <subfield code="a">06</subfield>
   <subfield code="a">07</subfield>
   <subfield code="a">08</subfield>
   <subfield code="a">09</subfield>
   <subfield code="a">10</subfield>
   <subfield code="a">11</subfield>
   <subfield code="a">12</subfield>
   <subfield code="a">13</subfield>
   <subfield code="a">14</subfield>
   <subfield code="a">15</subfield>
   <subfield code="a">16</subfield>
   <subfield code="a">17</subfield>
   <subfield code="a">18</subfield>
   <subfield code="a">19</subfield>
   <subfield code="a">20</subfield>
   <subfield code="a">21</subfield>
   <subfield code="a">22</subfield>
   <subfield code="a">23</subfield>
   <subfield code="a">24</subfield>
   <subfield code="a">25</subfield>
   <subfield code="a">26</subfield>
   <subfield code="b">05-05-17</subfield>
   <subfield code="c">m</subfield>
   <subfield code="d">z  </subfield>
   <subfield code="e">-</subfield>
   <subfield code="f">gre</subfield>
   <subfield code="g">gr </subfield>
   <subfield code="h">0</subfield>
  </datafield>
  <datafield tag="942" ind1=" " ind2=" ">
   <subfield code="2">ddc</subfield>
   <subfield code="c">KALLIPOS</subfield>
  </datafield>
 </record>
</collection>
